• 首页
  • 本馆介绍
  • 公告通知
  • 最新文献
  • 馆藏检索
  • 电子资源
  • 读者导购
  • 参考咨询
  • 我的图书馆
  • 登录
  • 详细信息显示
  • 放入我的书架
  • 预约/预借图书
  • 作者相关作品
  • 分类相关作品
  • 丛书相关作品
  • 出版社相关作品

书目信息

  • 表格格式
  • 工作单格式
  • 卡片格式
题名:
芦笋无公害高效栽培
    
 
作者: 周倩 主编 ;王洋 , 庞琢 编著
分册:  
出版信息: 北京   金盾出版社  2010.02
页数: 108页, 12页图版
开本: 21cm
丛书名: 蔬菜无公害生产技术丛书
单 册:
中图分类: S644.6
科图分类:
主题词: 石刁柏--无污染技术--栽培
电子资源:
ISBN: 978-7-5082-2727-6
000 01100nam 2200277 450
001 2365103717
005 20231212180537.91
010    @a978-7-5082-2727-6@d7.00CNY
100    @a20101030d2010 em y0chiy50 ea
101 0  @achi
102    @aCN@b110000
105    @aafk a 000yy
200 1  @a芦笋无公害高效栽培@Alu sun wu gong hai gao xiao zai pei@f主编周倩@g编著者周倩, 王洋, 庞琢
210    @a北京@c金盾出版社@d2010.02
215    @a108页, 12页图版@c图 (部分彩图)@d21cm
225 2  @a蔬菜无公害生产技术丛书@Ashu cai wu gong hai sheng chan ji shu cong shu
320    @a有书目 (第105-108页)
330    @a芦笋是一种极好的保健蔬菜, 也是国际市场上的畅销蔬菜。本书介绍了芦笋的利用价值和国个外生产与贸易概况, 芦笋的植物学特征和生物学特性, 无公害栽培的环境条件、栽培技术、病虫草害的防治、采后处理、贮运保鲜及营销管理。
410  0 @12001 @a蔬菜无公害生产技术丛书
606 0  @a石刁柏@x无污染技术@x栽培
690    @aS644.6@v5
701  0 @a周倩@Azhou qian@4主编
702  0 @a王洋@Awang yang@4编著
702  0 @a庞琢@Apang zhuo@4编著
801  0 @aCN@b湖北三新@c20101113
905    @aBZT@dS644.6@e99
    
    芦笋无公害高效栽培/主编周倩/编著者周倩, 王洋, 庞琢.-北京:金盾出版社,2010.02
    108页, 12页图版:图 (部分彩图);21cm.-(蔬菜无公害生产技术丛书)
    
    
    ISBN 978-7-5082-2727-6:7.00CNY
    芦笋是一种极好的保健蔬菜, 也是国际市场上的畅销蔬菜。本书介绍了芦笋的利用价值和国个外生产与贸易概况, 芦笋的植物学特征和生物学特性, 无公害栽培的环境条件、栽培技术、病虫草害的防治、采后处理、贮运保鲜及营销管理。
●
相关链接 在五车中查询图书 在当当中查询图书 在豆瓣中查询图书


正题名:芦笋无公害高效栽培     索取号:S644.6/99         预约/预借

序号 登录号 条形码 馆藏地/架位号 状态 备注
1 2001597554   2001597554   辽三/辽宁北配(第三批)/2120/ [索取号:S644.6/99] 在馆    
2 2001597555   2001597555   辽三/辽宁北配(第三批)/2120/ [索取号:S644.6/99] 在馆    
3 2001597556   2001597556   辽三/辽宁北配(第三批)/2120/ [索取号:S644.6/99] 在馆    
4 2001597557   2001597557   辽三/辽宁北配(第三批)/2120/ [索取号:S644.6/99] 在馆    
5 2001597558   2001597558   辽三/辽宁北配(第三批)/2120/ [索取号:S644.6/99] 在馆    
6 2001597559   2001597559   辽三/辽宁北配(第三批)/2120/ [索取号:S644.6/99] 在馆    
7 2001597560   2001597560   辽三/辽宁北配(第三批)/2120/ [索取号:S644.6/99] 在馆    
8 2001597561   2001597561   辽三/辽宁北配(第三批)/2120/ [索取号:S644.6/99] 在馆    
9 2001597562   2001597562   辽三/辽宁北配(第三批)/2120/ [索取号:S644.6/99] 在馆    
10 2001597563   2001597563   辽三/辽宁北配(第三批)/2120/ [索取号:S644.6/99] 在馆    
11 2001597564   2001597564   辽三/辽宁北配(第三批)/2120/ [索取号:S644.6/99] 在馆    
12 2001597565   2001597565   辽三/辽宁北配(第三批)/2120/ [索取号:S644.6/99] 在馆    
13 2001597566   2001597566   辽三/辽宁北配(第三批)/2120/ [索取号:S644.6/99] 在馆    
14 2001597567   2001597567   辽三/辽宁北配(第三批)/2120/ [索取号:S644.6/99] 在馆    
15 2001597568   2001597568   辽三/辽宁北配(第三批)/2120/ [索取号:S644.6/99] 在馆    
16 2001597569   2001597569   辽三/辽宁北配(第三批)/2120/ [索取号:S644.6/99] 在馆    
17 2001597570   2001597570   辽三/辽宁北配(第三批)/2120/ [索取号:S644.6/99] 在馆    
18 2001597571   2001597571   辽三/辽宁北配(第三批)/2120/ [索取号:S644.6/99] 在馆    
19 2001597572   2001597572   辽三/辽宁北配(第三批)/2120/ [索取号:S644.6/99] 在馆    
20 2001597573   2001597573   辽三/辽宁北配(第三批)/2120/ [索取号:S644.6/99] 在馆    
21 2001597574   2001597574   辽三/辽宁北配(第三批)/2120/ [索取号:S644.6/99] 在馆    
22 2001597575   2001597575   辽三/辽宁北配(第三批)/2120/ [索取号:S644.6/99] 在馆    
23 2001597576   2001597576   辽三/辽宁北配(第三批)/2120/ [索取号:S644.6/99] 在馆    
24 2001597577   2001597577   辽三/辽宁北配(第三批)/2120/ [索取号:S644.6/99] 在馆    
25 2001597578   2001597578   辽三/辽宁北配(第三批)/2120/ [索取号:S644.6/99] 在馆    
26 2001597579   2001597579   辽三/辽宁北配(第三批)/2120/ [索取号:S644.6/99] 在馆    
27 2001597580   2001597580   辽三/辽宁北配(第三批)/2120/ [索取号:S644.6/99] 在馆    
28 2001597581   2001597581   辽三/辽宁北配(第三批)/2120/ [索取号:S644.6/99] 在馆    
29 2001597582   2001597582   辽三/辽宁北配(第三批)/2120/ [索取号:S644.6/99] 在馆    
30 2001597583   2001597583   辽三/辽宁北配(第三批)/2120/ [索取号:S644.6/99] 在馆    
山东省滨州职业学院图书馆 欢迎您!
大连网信软件有限公司© 版权所有